00513 2200169 4500001002100000008004100021035002000062245007300082100001300155260003100168300003200199020002200231084001700253082001100270650004900281990001300330INLIS000000000000250 ind  a0010-0120000250 aAl-Qur'an dan Hadis 1bUntuk Kelas VII Madrasah TsanawiyahcMuhaemin aMuhaemin aBandung :bGrafindo,c2008 axii, 92 hlm.c20 x 27,5 cm. a978-602-00-0149-4 a297.12 MUH a a297.12 aAl-Qur'an dan Hadist -- Studi dan Pengajaran a21900250